1439 1940 1666 1588 1026 1372 1810 1767 1763 1165 1261 1311 1155 1559 1572 1342 1700 1049 1645 1804 1713 1090 1940 1813 1078 1426 1427 1958 1791 1263 1338 1373 1889 1404 1060 1203 1383 1296 1151 1025 1086 1570 1188 1097 1045 1341 1967 1422 1138 1388 1034 1973 1886 1741 1378 1268 1218 1980 1366 1385 1437 1796 1441 1259 1044 1778 1239 1496 1019 1163 1003 1863 1269 1627 1919 1047 1738 1760 1060 1757 1667 1182 1284 1032 1915 1702 1627 1138 1407 1531 1778 1681 1421 1694 1459 1585 1986 1032 1445 BCNSPRNW ULIB Ver.6.0+V

เปลี่ยนเป็นภาษาไทย

Change to English
 แสดงรายละเอียดบรรณานุกรม
  กลับหน้าหลัก

Brief Record : Get Marc (ISO 2709) : E-mail record : QR code < ปิดหน้าต่าง
LEADER : 00000nam 2200000uu 4500
001    13399112436
003     ULIB
008    110816s2552||||th 000 0 tha d
020    9789742556808
050  4 QH308.2^bช728ช ล.1 2552
100 0  เชาวน์ ชิโนรักษ์
245 10 ชีววิทยา เล่ม 1 /^cรวบรวมและเรียบเรียงโดย เชาวน์ ชิโนรักษ์, พรรณี ชิโนรักษ์
246 34 ชีววิทยา 1
260    กรุงเทพฯ :^bศิลปาบรรณาคาร,^c2552
300    ก-ฑ, 704 หน้า :^bภาพประกอบ ;^c24 ซม.
650  0 Biology
650  4 ชีววิทยา
700 0  พรรณี ชิโนรักษ์
945    ^p300^l0^i18508
945    ^p300^l0^i18509
945    ^p300^l0^i18510
945    ^p300^l0^i18511
995    ัณชพร
999 ^a ใช้งานได้ทุกระบบ
รายการนี้ยังไม่มีแท็ก
คุณยังไม่ได้ล็อกอิน คุณสามารถมีกิจกรรมร่วมกับเว็บไซต์ได้ แต่ต้องล็อกอินก่อน ::
  ล็อกอิน

รายการสื่อสารสนเทศ

ลำดับที่ ประเภท เลขเรียก/บาร์โค้ด สถานที่ สถานะ
- ไม่พบข้อมูล -

รายการใกล้เคียง
    ผู้แต่ง [เชาวน์ ชิโนรักษ์]

    หัวเรื่อง [Biology]
    หัวเรื่อง [ชีววิทยา]

BibComment


ยังไม่เคยถูกคอมเมนท์

คอมเมนท์ทรัพยากรรายการนี้
  คอมเมนท์: ชีววิทยา เล่ม 1 ..


 Copyright 2026. Bcnsprnw @Library